Cardinal Dionigi Tettamanzi, Nouvelle bioéthique chrétienne . T. I : L’évangile de la vie, fondements et enjeux (préface de Patrick Verspieren). T. II : Donner la vie, à quel prix ? T. III : Vivre et souffrir, relever le défi. T. IV : Les derniers moments de la vie. Salvator, 2004-2005, 19 € chaque tome (notice n° 2065515)
[ vue normale ]
| 000 -LEADER | |
|---|---|
| fixed length control field | 00730cam a2200145 4500500 |
| 005 - DATE AND TIME OF LATEST TRANSACTION | |
| control field | 20260405003226.0 |
| 041 ## - LANGUAGE CODE | |
| Language code of text/sound track or separate title | fre |
| 042 ## - AUTHENTICATION CODE | |
| Authentication code | dc |
| 100 10 - MAIN ENTRY--PERSONAL NAME | |
| Personal name | de Dinechin, Olivier |
| Relator term | author |
| 245 00 - TITLE STATEMENT | |
| Title | Cardinal Dionigi Tettamanzi, Nouvelle bioéthique chrétienne . T. I : L’évangile de la vie, fondements et enjeux (préface de Patrick Verspieren). T. II : Donner la vie, à quel prix ? T. III : Vivre et souffrir, relever le défi. T. IV : Les derniers moments de la vie. Salvator, 2004-2005, 19 € chaque tome |
| 260 ## - PUBLICATION, DISTRIBUTION, ETC. | |
| Date of publication, distribution, etc. | 2005.<br/> |
| 500 ## - GENERAL NOTE | |
| General note | 15 |
| 786 0# - DATA SOURCE ENTRY | |
| Note | Études | 403 | 7 | 2005-07-01 | p. XXII-XXII | 0014-1941 |
| 856 41 - ELECTRONIC LOCATION AND ACCESS | |
| Uniform Resource Identifier | <a href="https://shs.cairn.info/revue-etudes-2005-7-page-XXII?lang=fr&redirect-ssocas=7080">https://shs.cairn.info/revue-etudes-2005-7-page-XXII?lang=fr&redirect-ssocas=7080</a> |
Pas d'exemplaire disponible.




Réseaux sociaux